The countertrade handbook /

Bibliographic Details
Main Author: Francis, Dick, 1946-
Format: Book
Language:English
Published: New York : Quorum Books, 1987.
Subjects:

MARC

Tag First Indicator Second Indicator Subfields
LEADER 00000cam a2200000 a 4500
001 in00000008598
005 20151003070028.0
008 870507s1987 nyua b 00110 eng
010 |a  87011867  
020 |a 089930320X (lib. bdg. : alk. paper) 
035 |a (OCoLC)15791892 
035 |9 AAA0995AM 
040 |a DLC  |c DLC  |d TXA  |d UtOrBLW 
050 0 0 |a HF1414.3  |b .F72 1987 
082 0 |a 382  |2 19 
100 1 |a Francis, Dick,  |d 1946- 
245 1 4 |a The countertrade handbook /  |c Dick Francis. 
264 1 |a New York :  |b Quorum Books,  |c 1987. 
300 |a ix, 270 pages :  |b illustrations ;  |c 25 cm. 
336 |a text  |b txt  |2 rdacontent 
337 |a unmediated  |b n  |2 rdamedia 
338 |a volume  |b nc  |2 rdacarrier 
500 |a Includes index. 
504 |a Bibliography: pages 262-263. 
650 0 |a Countertrade. 
999 |a MARS 
999 f f |s a2033cb9-1f74-34b8-a71c-dc60d70e2986  |i 4f85b846-4f30-3aa5-bb4e-73e79facc84d  |t 0 
952 f f |p ric  |a Texas A&M University  |b Rellis Campus  |c Joint Library Facility  |d Remote Storage  |t 0  |e HF1414.3 .F72 1987  |h Library of Congress classification  |i unmediated -- volume  |m A14812614260 
998 f f |a HF1414.3 .F72 1987  |t 0  |l Remote Storage